000 00339nam a2200157Ia 4500
100 _aMeg Greene
650 _aBiography
942 _cBK
366 _f25
654 _amother teresa
245 _aMother Teresa:A Biography
260 _bJaico Publishing House
_c2016
082 _bMEG
300 _a152
546 _aENGLISH
_cComputers
999 _c20755
_d20755